Guess The Provinces of Argentina - Statistics

General Stats
  • This quiz has been taken 14 times
    9 since last reset
  • The average score is 15 of 24
Answer Stats
Province and Autonomous City % Correct
Buenos Aires
100%
{Buenos Aires} (autonomous city)
100%
Tierra del Fuego
78%
Chubut
67%
Córdoba
67%
Jujuy
67%
La Pampa
67%
Misiones
67%
Río Negro
67%
Santa Cruz
67%
Santa Fe
67%
Chaco
56%
Corrientes
56%
La Rioja
56%
Mendoza
56%
Neuquén
56%
San Juan
56%
San Luis
56%
Catamarca
44%
Entre Ríos
44%
Formosa
44%
Salta
44%
Santiago del Estero
44%
Tucumán
44%
No matching quizzes found
Score Distribution
Percent of People with Each Score
Percentile by Number Answered
Your Score History
You have not taken this quiz since the last reset